00231 a2200109 4500001000700000020000600007040001100013100002100024240003600045245003100081362000900112171213 a  cMagnum aAlmanaque Brasil10aAlmanaque brasil 2000/2001lpor10aAlmanaque brasil 2000/20010 a1899